000 00662nam a2200217 a 4500
005 20220623063540.0
008 060725s2001 mx r 000 0 spa d
020 _a9681909178
035 _aUPN01000145626
049 _aCG
050 4 _aBF724.3 S3.6
_bM3.8
100 1 _aMatthews, Andrew
245 1 0 _aSé un adolescente feliz /
_cAndrew Matthews ; tr. Gerardo Hernández Clark.
260 _aMéxico :
_bSantillana,
_c2001.
300 _a169 p. :
_bil.
440 0 _aAlamah autoayuda
534 _pTraducción:
_tBeing a happy teenager
650 4 _aAUTOESTIMA EN ADOLESCENTES
_92912
650 0 _aAdolescentes
_xConducta de vida
_91767
905 _aLibro
999 _c117772
_d117772